<?xml version="1.0" encoding="UTF-8"?>
<record
    xmlns:xsi="http://www.w3.org/2001/XMLSchema-instance"
    xsi:schemaLocation="http://www.loc.gov/MARC21/slim http://www.loc.gov/standards/marcxml/schema/MARC21slim.xsd"
    xmlns="http://www.loc.gov/MARC21/slim">

  <leader>00588nam a22001937a 4500</leader>
  <controlfield tag="005">20260331151120.0</controlfield>
  <controlfield tag="008">260331b        |||||||| |||| 00| 0 eng d</controlfield>
  <datafield tag="020" ind1=" " ind2=" ">
    <subfield code="a">9780070591172</subfield>
  </datafield>
  <datafield tag="040" ind1=" " ind2=" ">
    <subfield code="c">AL</subfield>
  </datafield>
  <datafield tag="041" ind1=" " ind2=" ">
    <subfield code="a">English</subfield>
  </datafield>
  <datafield tag="082" ind1=" " ind2=" ">
    <subfield code="a">621.38</subfield>
    <subfield code="b">BHAD</subfield>
  </datafield>
  <datafield tag="100" ind1=" " ind2=" ">
    <subfield code="a">Amitabha Bhattacharya</subfield>
    <subfield code="9">259865</subfield>
  </datafield>
  <datafield tag="245" ind1=" " ind2=" ">
    <subfield code="a">Digital communication</subfield>
  </datafield>
  <datafield tag="260" ind1=" " ind2=" ">
    <subfield code="a">New Delhi</subfield>
    <subfield code="b">McGraw Hill Education(India) Private Limited</subfield>
    <subfield code="c">2015</subfield>
  </datafield>
  <datafield tag="300" ind1=" " ind2=" ">
    <subfield code="a">xxiv,516p.</subfield>
    <subfield code="b">PB</subfield>
    <subfield code="c">24x18.5cm.</subfield>
  </datafield>
  <datafield tag="365" ind1=" " ind2=" ">
    <subfield code="a">VBI-2645</subfield>
    <subfield code="b">&#x20B9;596.25</subfield>
    <subfield code="c">&#x20B9;</subfield>
    <subfield code="d">&#x20B9;795.00</subfield>
    <subfield code="e">25%</subfield>
    <subfield code="f">20-02-2026</subfield>
  </datafield>
  <datafield tag="650" ind1=" " ind2=" ">
    <subfield code="a">Electronic Communication</subfield>
    <subfield code="9">259866</subfield>
  </datafield>
  <datafield tag="942" ind1=" " ind2=" ">
    <subfield code="2">ddc</subfield>
    <subfield code="c">BK</subfield>
  </datafield>
  <datafield tag="999" ind1=" " ind2=" ">
    <subfield code="c">241090</subfield>
    <subfield code="d">241090</subfield>
  </datafield>
  <datafield tag="952" ind1=" " ind2=" ">
    <subfield code="0">0</subfield>
    <subfield code="1">0</subfield>
    <subfield code="2">ddc</subfield>
    <subfield code="4">0</subfield>
    <subfield code="7">0</subfield>
    <subfield code="8">ECE </subfield>
    <subfield code="a">SE</subfield>
    <subfield code="b">SE</subfield>
    <subfield code="d">2026-03-23</subfield>
    <subfield code="e">Vidyarthi Books</subfield>
    <subfield code="g">596.25</subfield>
    <subfield code="l">0</subfield>
    <subfield code="o">621.38 BHAD</subfield>
    <subfield code="p">SE000354</subfield>
    <subfield code="r">2026-03-31 15:04:14</subfield>
    <subfield code="v">795.00</subfield>
    <subfield code="w">2026-02-20</subfield>
    <subfield code="y">BK</subfield>
  </datafield>
</record>
